Quantum mechanics. (Record no. 1364)

MARC details
000 -LEADER
fixed length control field 01679nac a22003971i 4500
003 - CONTROL NUMBER IDENTIFIER
control field EG-ScBUE
005 - DATE AND TIME OF LATEST TRANSACTION
control field 20260105094804.0
008 - FIXED-LENGTH DATA ELEMENTS--GENERAL INFORMATION
fixed length control field 100906t2005 nyua f b 001 0 eng d
020 ## - INTERNATIONAL STANDARD BOOK NUMBER
International Standard Book Number 0471164356
020 ## - INTERNATIONAL STANDARD BOOK NUMBER
International Standard Book Number 9780471164357
040 ## - CATALOGING SOURCE
Original cataloging agency EG-ScBUE
Language of cataloging eng
Description conventions rda
Transcribing agency EG-ScBUE
Modifying agency EG-ScBUE
041 1# - LANGUAGE CODE
Language code of text/sound track or separate title eng
Language code of original and/or intermediate translations of text fre
082 04 - DEWEY DECIMAL CLASSIFICATION NUMBER
Classification number 530.12
Item number COH
Edition number 22
100 1# - MAIN ENTRY--PERSONAL NAME
Personal name Cohen- Tahnnoudji, Claude,
Relator term author.
9 (RLIN) 18382
245 10 - TITLE STATEMENT
Title Quantum mechanics.
Number of part/section of a work volume two /
Statement of responsibility, etc Claude Cohen-Tannoudji, Bernard Diu, Franck Laloe ; translated from the French by Susan Reid Hemley, Nicole Ostrowsky, Dan Ostrowsky.
264 #1 - PUBLICATION, DISTRIBUTION, ETC. (IMPRINT)
Place of publication, distribution, etc New York :
Name of publisher, distributor, etc John Wiley & Sons,
Date of publication, distribution, etc [2005]
264 #4 - PUBLICATION, DISTRIBUTION, ETC. (IMPRINT)
Date of publication, distribution, etc c2005
300 ## - PHYSICAL DESCRIPTION
Extent 1 volume (various pagings) :
Other physical details illustrations ;
Dimensions 25 cm.
336 ## - CONTENT TYPE
Source rdacontent
Content type term text
Content type code txt
337 ## - MEDIA TYPE
Media type term unmediated
Source rdamedia
Media type code n
338 ## - CARRIER TYPE
Carrier type term volume
Carrier type code nc
Source rdacarrier
490 0# - SERIES STATEMENT
Series statement Textbook physics
504 ## - BIBLIOGRAPHY, ETC. NOTE
Bibliography, etc Includes bibliographical references and index.<br/>
546 ## - LANGUAGE NOTE
Language note Text in English ; translated from the original French language.<br/>
650 #7 - SUBJECT ADDED ENTRY--TOPICAL TERM
Topical term or geographic name as entry element Quantum theory.
Source of heading or term BUEsh
9 (RLIN) 18383
655 ## - INDEX TERM--GENRE/FORM
Form subdivision Reading book
700 1# - ADDED ENTRY--PERSONAL NAME
Personal name Diu, Bernard,
Relator term author.
9 (RLIN) 18384
700 1# - ADDED ENTRY--PERSONAL NAME
Personal name Laloe, Franck,
Dates associated with a name 1940-
Relator term author.
9 (RLIN) 18385
700 1# - ADDED ENTRY--PERSONAL NAME
Personal name Hemley, Susan Reid,
Relator term translator.
700 1# - ADDED ENTRY--PERSONAL NAME
Personal name Ostrowsky, Nicole,
Relator term translator.
700 1# - ADDED ENTRY--PERSONAL NAME
Personal name Ostrowsky, Dan,
Relator term translator.
856 41 - ELECTRONIC LOCATION AND ACCESS
Materials specified Table of contents only
Uniform Resource Identifier <a href="http://www.loc.gov/catdir/toc/wiley023/76005874.html">http://www.loc.gov/catdir/toc/wiley023/76005874.html</a>
856 41 - ELECTRONIC LOCATION AND ACCESS
Materials specified Contributor biographical information
Uniform Resource Identifier <a href="http://www.loc.gov/catdir/enhancements/fy0607/76005874-b.html">http://www.loc.gov/catdir/enhancements/fy0607/76005874-b.html</a>
856 41 - ELECTRONIC LOCATION AND ACCESS
Materials specified Publisher description
Uniform Resource Identifier <a href="http://www.loc.gov/catdir/enhancements/fy0607/76005874-d.html">http://www.loc.gov/catdir/enhancements/fy0607/76005874-d.html</a>
942 ## - ADDED ENTRY ELEMENTS (KOHA)
Koha item type Book - Borrowing
Source of classification or shelving scheme Dewey Decimal Classification
Holdings
Withdrawn status Lost status Source of classification or shelving scheme Damaged status Not for loan Collection code Home library Current library Shelving location Date acquired Source of acquisition Total Checkouts Full call number Barcode Date last seen Price effective from Koha item type
    Dewey Decimal Classification     Baccah Central Library Central Library First floor 06/09/2005 Purchase 4 530.12 COH 000003095 15/07/2025 05/09/2006 Book - Borrowing